| 000 | 00753cam a2200229 a 4500 | ||
|---|---|---|---|
| 020 | _a0471423270 (cloth) | ||
| 040 | _cDLC | ||
| 082 | 0 | 0 | _a973 WIL 2003 A101 Or. |
| 100 | 1 | _aMoore, James, | |
| 245 | 1 | 0 |
_aBush's brain : _bhow Karl Rove made George W. Bush presidential / |
| 260 |
_aNew York : _bWiley, _cc2003. |
||
| 300 |
_axiv, 395 p. ; _c24 cm. |
||
| 650 | 0 | _aPresidents | |
| 650 | 0 | _aPolitical campaigns | |
| 650 | 0 | _aPolitical consultants | |
| 650 | 0 | _aPresidential candidates | |
| 700 | 1 | _aSlater, Wayne. | |
| 856 | 4 | 2 | _uhttp://www.loc.gov/catdir/bios/wiley045/2003001701.html |
| 856 | 4 | 2 | _uhttp://www.loc.gov/catdir/description/wiley039/2003001701.html |
| 856 | 4 | 1 | _uhttp://www.loc.gov/catdir/toc/wiley031/2003001701.html |
| 942 | _cEK | ||
| 999 |
_c13514 _d13514 |
||